Doğuda değişim ve yapısal sorunlar / (Kayıt no. 10174)

MARC ayrıntıları
000 -BAŞLIK
Sabit Uzunluktaki Kontrol Alanı 00632nam a22001937a 4500
003 - KONTROL NUMARASI KİMLİĞİ
Kontrol Alanı KOHA_MİRAKIL
005 - EN SON İŞLEM TARİHİ ve ZAMANI
Kontrol Alanı 20260407084350.0
008 - SABİT UZUNLUKTAKİ VERİ ÖGELERİ - GENEL BİLGİ
Sabit Alan 260407b tu ||||| |||| 00| 0 tur d
040 ## - KATALOGLAMA KAYNAĞI
Özgün Kataloglama Kurumu TR-AnABB
Kataloglama Dili tur
Çeviri Kurumu TR-AnABB
041 ## - DİL KODU
Metin ya da ses kaydının dil kodu tur
082 ## - DEWEY ONU SINIFLAMA SİSTEMİ
Sınıflama Numarası 306.09566
Cutter numarası BES 1969
100 1# - KİŞİ ADI
Yazar Adı (Kişi adı) Beşikçi, İsmail
245 10 - ESER ADI BİLDİRİMİ
Başlık Doğuda değişim ve yapısal sorunlar /
Sorumluluk Bildirimi İsmail Beşikçi
246 ## - DEĞİŞİK BAŞLIK FORMU
Başlık uygun / kısa başlık Göçebe Alikan Aşireti
260 ## - YAYIN, DAĞITIM, VB.
Yayın Yeri Ankara :
Yayınevi Doğan Yayınevi,
Yayın Tarihi 1969
300 ## - FİZİKSEL TANIMLAMA
Sayfa, Cilt vb. 255 sayfa :
Diğer fiziki detaylar fotoğraf, tablolar, harita ;
Boyutları 20 cm
650 04 - KONU BAŞLIĞI EK GİRİŞ - KONU TERİMİ
Konusal terim veya coğrafi ad Kültürel ve Sosyal Yapı, Doğu Anadolu Bölgesi
942 ## - EK GİRİŞ ÖGELERİ (KOHA)
Sınıflama Kaynağı Dewey Decimal Classification
Materyal Türü Kitap
900 ## - YEREL BİLGİ
Kontrol Can ÇELIK
Mevcut
Geri Çekilme Durumu Kayıp Durumu Sınıflandırma Kaynağı Kredi için değil Kalıcı Konum Mevcut Konum Kayıt Tarih Toplam Ödünçverme Yer Numarası Demirbaş Numarası Son Görülme Tarihi Fatura Tarihi Materyal Türü
    Dewey Decimal Classification   Prof. Dr. Ruşen Keleş Kütüphanesi Prof. Dr. Ruşen Keleş Kütüphanesi 07/04/2026   306.09566 BES 1969 RK7008 07/04/2026 07/04/2026 Kitap